000 01059nam a2200277 4500
001 0000022466
003 CO-CtgCURN
005 20250730205956.0
008 160627s2007 000 0 eng d
020 _a8423424766
040 _aCO-CtgCURN
_bspa
_ccoctgcurn
082 0 _a658
_bSi476e
100 1 _aSimmons, Jhon.
245 1 3 _aEl estilo Starbucks :
_bcomo crear un hogar fuera del hogar /
_cJohn Simmons.
260 _aBarcelona :
_bDeusto,
_c2007.
300 _a186 p.
336 _2rdacontent
337 _2rdamedia
_asin mediacion
_bn
338 _2rdacarrier
_avolumen
_bnc
490 1 _aGrandes casos empresariales
505 8 _aUn trago corto.--Todo empezo con un gramo de cafe.--El inicio del viaje.--Ampliar horizontes.--Amigos y vecinos.--En dirección a otro lugar.--Aqui, alla y aculla.--Hacerlo bien y hacer el bien.--La proxima escala
650 0 _aStarbucks Coffee Company
_vOrganizacion.
908 _a160627
942 _cBK
_h658
_iSi476e
_2ddc
999 _c49347
_d49347
_x1